000 00145nam a22000857a 4500
082 _a823
100 _aUNKNOWN
245 _aJATAKA TALES
942 _cBK
999 _c8243
_d8243